Welcome to the Holygrace Academy Library

Please use search bar below to get started

A STRANGER IN THE MIRROR (Record no. 3457)

MARC details
000 -LEADER
fixed length control field 00614nam a22001457a 4500
020 ## - INTERNATIONAL STANDARD BOOK NUMBER
ISBN 978-81-7223-481-2
082 ## - DEWEY DECIMAL CLASSIFICATION NUMBER
Classification number 823
Item number SHE/S
100 ## - MAIN ENTRY--AUTHOR NAME
Personal name SHELDON,SIDNEY
245 ## - TITLE STATEMENT
Title A STRANGER IN THE MIRROR
260 ## - PUBLICATION, DISTRIBUTION, ETC. (IMPRINT)
Place of publication LONDON
Name of publisher HARPPER COLLINS PUBLISHERS
300 ## - PHYSICAL DESCRIPTION
Number of Pages 348
520 ## - SUMMARY, ETC.
Summary, etc The novel tells the life story of two fictitious Hollywood celebrities - Toby Temple and Jill Castle (roman à clef on Sheldon's acquaintances Groucho Marx and Erin Fleming) and portrays the emotional extremes of success and failure and how people inevitably become victims of time.
650 ## - SUBJECT ADDED ENTRY--TOPICAL TERM
Topical Term ENGLISH NOVEL
Geographic subdivision LONDON
942 ## - ADDED ENTRY ELEMENTS (KOHA)
Koha item type Books
Holdings
Withdrawn status Lost status Collection code Home library Current library Shelving location Date acquired Source of acquisition Cost, normal purchase price Full call number Accession Number Koha item type
    Fiction Main Library Main Library SHELF 2-J-ENGLISH NOVELS FOR TEACHERS 19/04/2016 PURCHASE 250.00 823 SHE/S 04253 Books